000 00329nam a2200145Ia 4500
008 210210b1880 xxu||||| |||| 00| 0 eng d
041 _aeng
082 _a825/1073
100 _aCOWPER
245 _aSmith
260 _aLondon
_bMacmillan & Co. Ltd.
_c1880
650 _aSmith
690 _aEnglish Criticism
906 _a015388
999 _c134748
_d134748